[Event "VI Weekend B"]
[Site "Ivrea ITA"]
[Date "2000.03.11"]
[Round "1"]
[White "Castaldo, Antonio"]
[Black "Giachino, Adriano"]
[Result "1/2-1/2"]
[WhiteElo "1428"]
[BlackElo "1488"]
[PlyCount "60"]
[EventDate "2000.03.11"]

1. Nf3 Nf6 2. g3 d5 3. Bg2 c5 4. O-O Nc6 5. d3 h6 6. Nbd2 e5 7. e4 d4 8. Nc4
Bg4 9. h3 Bh5 10. g4 Nxg4 11. hxg4 Bxg4 12. Qd2 Qf6 13. Nh2 Qg6 14. f4 h5 15.
Nxe5 Nxe5 16. fxe5 Be7 17. Qf4 O-O 18. Nxg4 hxg4 19. Qf5 Qxf5 20. exf5 Bh4 21.
Rf4 Bg3 22. Rxg4 Bxe5 23. Bxb7 Rae8 24. Be4 Rd8 25. Bf4 Bxf4 26. Rxf4 Rd6 27.
Rh4 f6 28. Rf1 Kf7 29. Rf2 Ke8 30. Rfh2 Rg8 1/2-1/2

[Event "VI Weekend B"]
[Site "Ivrea ITA"]
[Date "2000.03.11"]
[Round "1"]
[White "Perino, Antonio"]
[Black "Bogatto, Mario"]
[Result "1-0"]
[WhiteElo "1473"]
[BlackElo "1344"]
[PlyCount "29"]
[EventDate "2000.03.11"]

1. e4 d6 2. d4 Nf6 3. Nc3 g6 4. f4 Bg4 5. Nf3 Bxf3 6. Qxf3 c6 7. e5 dxe5 8.
fxe5 Nh5 9. Bc4 e6 10. O-O Qxd4+ 11. Be3 Qxc4 12. Qxf7+ Kd8 13. Bg5+ Kc8 14.
Qe8+ Kc7 15. Qd8# 1-0

[Event "VI Weekend B"]
[Site "Ivrea ITA"]
[Date "2000.03.11"]
[Round "1"]
[White "Pichierri, Giancarlo"]
[Black "Cavezzana, Davide"]
[Result "1/2-1/2"]
[WhiteElo "1506"]
[BlackElo "1464"]
[PlyCount "49"]
[EventDate "2000.03.11"]

1. e4 d6 2. d4 Nf6 3. f3 g6 4. Bd3 Bg7 5. Ne2 e5 6. d5 O-O 7. Be3 Nh5 8. Qd2
Nf4 9. g3 Ng2+ 10. Kd1 Nxe3+ 11. Qxe3 c6 12. Nbc3 Nd7 13. h4 h6 14. g4 Nb6 15.
h5 g5 16. Ng3 c5 17. Nf5 Bxf5 18. exf5 c4 19. Be4 Nd7 20. Nb5 Nc5 21. b4 cxb3
22. axb3 a6 23. Na3 Rc8 24. Nc4 Qc7 25. Rh2 1/2-1/2

[Event "VI Weekend B"]
[Site "Ivrea ITA"]
[Date "2000.03.11"]
[Round "1"]
[White "Renzini, Lorenzo"]
[Black "Bruno, Fabrizio P."]
[Result "0-1"]
[WhiteElo "1531"]
[BlackElo "1645"]
[PlyCount "74"]
[EventDate "2000.03.11"]

1. c4 e5 2. Nc3 Nf6 3. g3 c6 4. Bg2 Bb4 5. Qc2 O-O 6. e3 Re8 7. Nge2 d5 8. d4
e4 9. O-O Bg4 10. a3 Bxc3 11. Nxc3 Qd7 12. Bd2 Bf3 13. Rac1 g5 14. Na4 Na6 15.
cxd5 cxd5 16. Nc5 Nxc5 17. Qxc5 Rec8 18. Qb4 h5 19. Rxc8+ Rxc8 20. Rc1 Rxc1+
21. Bxc1 Bxg2 22. Kxg2 Qg4 23. Qe1 h4 24. Kg1 h3 25. Qf1 Qf5 26. Bd2 g4 27. Qd1
Nh7 28. Bb4 Ng5 29. Bd6 Nf3+ 30. Kh1 Nxh2 31. Bf4 Nf3 32. Qa4 Qc8 33. Qd1 Qc4
34. Bd6 Qd3 35. Qc1 Qc4 36. Qd1 Kh7 37. Bf4 Qd3 0-1

[Event "VI Weekend B"]
[Site "Ivrea ITA"]
[Date "2000.03.11"]
[Round "1"]
[White "Rubino, Enrico"]
[Black "Piazza, Luigi"]
[Result "1-0"]
[WhiteElo "1579"]
[BlackElo "1500"]
[PlyCount "87"]
[EventDate "2000.03.11"]

1. e4 e6 2. d3 d6 3. Nf3 Nf6 4. Bg5 Be7 5. Be2 O-O 6. O-O c5 7. Nbd2 h6 8. Bh4
Nc6 9. c3 Re8 10. Qc2 d5 11. e5 Ng4 12. Bxe7 Rxe7 13. d4 cxd4 14. cxd4 Rc7 15.
Qd1 Nb4 16. a3 Nc2 17. Rc1 Nce3 18. fxe3 Nxe3 19. Qb3 Nxf1 20. Rxf1 Bd7 21. Nb1
Rc6 22. Nc3 Rb6 23. Qc2 a6 24. Bd3 Rc8 25. Qf2 Bb5 26. Bxb5 axb5 27. h4 b4 28.
axb4 Rxb4 29. Nh2 Qe7 30. h5 Qg5 31. Qxf7+ Kh7 32. Nf3 Qe3+ 33. Kh1 Rxb2 34.
Nxd5 exd5 35. Qf5+ Kg8 36. Qxc8+ Kh7 37. Qf5+ Kh8 38. e6 Qe2 39. Rg1 Rb6 40.
Ne5 Qe4 41. Qxe4 dxe4 42. e7 Re6 43. Ng6+ Kg8 44. d5 1-0

[Event "VI Weekend B"]
[Site "Ivrea ITA"]
[Date "2000.03.12"]
[Round "2"]
[White "Bruno, Fabrizio P."]
[Black "Sapone, Luigi"]
[Result "1/2-1/2"]
[WhiteElo "1645"]
[BlackElo "1494"]
[PlyCount "42"]
[EventDate "2000.03.11"]

1. e4 c5 2. Nc3 Nc6 3. f4 d6 4. Nf3 a6 5. a4 Bg4 6. h3 Bd7 7. Bc4 e6 8. O-O Nf6
9. f5 exf5 10. Ng5 Ne5 11. Ba2 h6 12. Nf3 Nxf3+ 13. Qxf3 fxe4 14. Nxe4 Be7 15.
Nxf6+ Bxf6 16. Re1+ Kf8 17. Qxb7 Qc8 18. Qxc8+ Rxc8 19. d3 g5 20. Rf1 Kg7 21.
Bd2 Rhf8 1/2-1/2

[Event "VI Weekend B"]
[Site "Ivrea ITA"]
[Date "2000.03.12"]
[Round "2"]
[White "Emanuele, Gaetano"]
[Black "Tricerri, Pierino"]
[Result "1-0"]
[WhiteElo "1618"]
[BlackElo "1290"]
[PlyCount "107"]
[EventDate "2000.03.11"]

1. d4 Nf6 2. c4 g6 3. Nc3 Bg7 4. Nf3 O-O 5. e3 d6 6. Bd3 c5 7. d5 Re8 8. O-O e6
9. e4 Nbd7 10. Rb1 exd5 11. exd5 Ng4 12. Ne4 Nde5 13. Bf4 Nxd3 14. Qxd3 Bf5 15.
Nfd2 Qh4 16. h3 Nf6 17. Nxf6+ Qxf6 18. Qg3 Bxb1 19. Rxb1 Bf8 20. Nf3 h6 21. h4
Re4 22. Bd2 Rxc4 23. Bc3 Rxc3 24. bxc3 Qxc3 25. Rxb7 Qa1+ 26. Kh2 Qxa2 27. Qf4
Qxd5 28. Rd7 Qf5 29. Qxf5 gxf5 30. Nd2 a5 31. Nc4 a4 32. Na3 Kg7 33. Kg3 Kf6
34. Kf4 Rc8 35. Ra7 d5 36. Ra6+ Kg7 37. Kxf5 d4 38. Nc4 Rd8 39. Rxa4 d3 40. Nd2
Be7 41. g3 Bf6 42. Rc4 Bd4 43. f3 Be3 44. Nb3 d2 45. Nxd2 Rxd2 46. Rg4+ Kf8 47.
Rc4 Rf2 48. Ke4 Bd4 49. g4 Re2+ 50. Kf5 Re5+ 51. Kf4 Be3+ 52. Kxe5 Bd4+ 53. Kd5
Ke7 54. Ra4 1-0

[Event "VI Weekend B"]
[Site "Ivrea ITA"]
[Date "2000.03.12"]
[Round "2"]
[White "Fassio, Francesco"]
[Black "Basso, Danilo"]
[Result "0-1"]
[WhiteElo "1371"]
[BlackElo "1458"]
[PlyCount "64"]
[EventDate "2000.03.11"]

1. c4 Nf6 2. Nc3 g6 3. g3 Bg7 4. Bg2 d6 5. e3 O-O 6. Nge2 Be6 7. b3 c6 8. O-O
Qd7 9. Re1 Bh3 10. Bh1 d5 11. d4 Qf5 12. Nf4 dxc4 13. Nxh3 Qxh3 14. bxc4 Ng4
15. Bg2 Qxh2+ 16. Kf1 Qh5 17. Rb1 Qf5 18. Ne4 Nxf2 19. Qf3 Nxe4 20. Qxf5 gxf5
21. Rxb7 e6 22. g4 Nd6 23. Rc7 fxg4 24. Ba3 Rd8 25. Bc5 Nxc4 26. Bxa7 Bh6 27.
Bxb8 Nxe3+ 28. Kf2 Rxa2+ 29. Re2 Rxe2+ 30. Kxe2 Rxb8 31. Bxc6 Rb2+ 32. Kd3 g3
0-1

[Event "VI Weekend B"]
[Site "Ivrea ITA"]
[Date "2000.03.12"]
[Round "2"]
[White "Giachino, Adriano"]
[Black "Pichierri, Giancarlo"]
[Result "1-0"]
[WhiteElo "1488"]
[BlackElo "1506"]
[PlyCount "73"]
[EventDate "2000.03.11"]

1. e4 Nf6 2. e5 Nd5 3. d4 d6 4. Nf3 Bf5 5. Bc4 Nb6 6. Bxf7+ Kxf7 7. Nc3 h6 8.
Nh4 e6 9. Nxf5 exf5 10. Qf3 g6 11. Qxb7 N8d7 12. O-O dxe5 13. Re1 e4 14. Qc6
Bd6 15. h3 Qh4 16. Nd5 Nf6 17. Nxf6 Kxf6 18. c4 Nxc4 19. Qxc4 Qh5 20. Bd2 g5
21. Bc3 Rhg8 22. d5+ Ke7 23. Rac1 g4 24. Bb4 Rac8 25. Qa6 Bxb4 26. Qe6+ Kf8 27.
Qxc8+ Kg7 28. Rxc7+ Kh8 29. Qd7 Qg6 30. h4 h5 31. Rec1 e3 32. fxe3 Qh6 33. Qe6
Qxe6 34. dxe6 Bd2 35. Rd1 Bxe3+ 36. Kf1 Re8 37. e7 1-0

[Event "VI Weekend B"]
[Site "Ivrea ITA"]
[Date "2000.03.12"]
[Round "2"]
[White "Liviabella, Lucio"]
[Black "D'Ingiullo, Giovanni"]
[Result "0-1"]
[WhiteElo "1519"]
[BlackElo "1576"]
[PlyCount "106"]
[EventDate "2000.03.11"]

1. Nf3 g6 2. g3 Bg7 3. Bg2 d5 4. d4 Nd7 5. O-O c6 6. c3 e5 7. Bg5 f6 8. Be3 Ne7
9. dxe5 fxe5 10. Bg5 h6 11. Be3 Nf5 12. Bd2 e4 13. Ne1 Ne5 14. Na3 Be6 15. Bf4
g5 16. Bd2 Qb6 17. b3 e3 18. Bc1 exf2+ 19. Rxf2 Ng4 20. Nd3 Bxc3 21. Rb1 Bd4
22. Qf1 Nfe3 23. Bxe3 Bxe3 24. Bf3 Nxf2 25. Bh5+ Ke7 26. Nxf2 Raf8 27. Bf3 g4
28. Kg2 gxf3+ 29. exf3 Bxf2 30. Qxf2 Qxf2+ 31. Kxf2 Bg4 32. f4 Bf5 33. Re1+ Kd6
34. Re5 Be4 35. Ke3 Rf5 36. Rxe4 dxe4 37. Kxe4 Rc5 38. Nc4+ Rxc4+ 39. bxc4 Re8+
40. Kf5 Re2 41. Kg6 Rxh2 42. f5 Rg2 43. f6 Rxg3+ 44. Kf7 Rf3 45. a4 Ke5 46. c5
Rxf6+ 47. Ke7 h5 48. Kd7 h4 49. Kc7 Rf7+ 50. Kb8 h3 51. Kxa7 h2 52. a5 h1=Q 53.
Kb6 Qb1+ 0-1

[Event "VI Weekend B"]
[Site "Ivrea ITA"]
[Date "2000.03.12"]
[Round "2"]
[White "Pecile, Ernesto"]
[Black "Bogatto, Mario"]
[Result "0-1"]
[WhiteElo "1278"]
[BlackElo "1344"]
[PlyCount "64"]
[EventDate "2000.03.11"]

1. e4 c5 2. c4 Nc6 3. Nc3 a6 4. Nf3 e6 5. Be2 Nge7 6. O-O Ng6 7. d3 Be7 8. Qd2
Bf6 9. b3 O-O 10. Bb2 d6 11. Rab1 Rb8 12. h3 b5 13. Nh2 b4 14. Nd1 Nd4 15. Bh5
Bg5 16. Ne3 Nf4 17. Bd1 a5 18. Bxd4 cxd4 19. Nc2 e5 20. Nf3 Nxh3+ 21. gxh3 Bxd2
22. Nxd2 Qg5+ 23. Kh2 Qf4+ 24. Kg2 Qxd2 25. Kg3 Qg5+ 26. Bg4 Bxg4 27. hxg4 h5
28. f3 hxg4 29. fxg4 f5 30. exf5 g6 31. fxg6 Qxg6 32. Rh1 Qxd3+ 0-1

[Event "VI Weekend B"]
[Site "Ivrea ITA"]
[Date "2000.03.12"]
[Round "3"]
[White "Godino, Marco"]
[Black "Emanuele, Gaetano"]
[Result "1-0"]
[WhiteElo "1648"]
[BlackElo "1618"]
[PlyCount "57"]
[EventDate "2000.03.11"]

1. e4 c5 2. Nf3 d6 3. d4 cxd4 4. Nxd4 Nc6 5. Nc3 a6 6. Be3 Nf6 7. Qd2 Bd7 8. f3
e6 9. Be2 Be7 10. g4 h6 11. O-O-O b5 12. h4 Nxd4 13. Qxd4 e5 14. Qd2 Be6 15. g5
hxg5 16. hxg5 Nh5 17. Nd5 Bxd5 18. Qxd5 g6 19. Qc6+ Kf8 20. f4 exf4 21. Bxf4
Bxg5 22. Bxg5 Qxg5+ 23. Kb1 Kg7 24. Bxh5 Rac8 25. Qd7 Qc5 26. Bxg6 Qxc2+ 27.
Ka1 Kxg6 28. Qf5+ Kg7 29. Rdg1+ 1-0

[Event "VI Weekend B"]
[Site "Ivrea ITA"]
[Date "2000.03.12"]
[Round "3"]
[White "Pichierri, Giancarlo"]
[Black "Castaldo, Antonio"]
[Result "1-0"]
[WhiteElo "1506"]
[BlackElo "1428"]
[PlyCount "67"]
[EventDate "2000.03.11"]

1. e4 d6 2. d4 Nf6 3. Nc3 g6 4. f4 Bg7 5. h3 O-O 6. Nf3 Nbd7 7. Be2 Re8 8. Be3
c6 9. Qd2 b5 10. a3 Nb6 11. b3 Bb7 12. g4 Qc7 13. Bd3 a6 14. f5 Nfd7 15. Rb1 c5
16. fxg6 fxg6 17. Ng5 Nf8 18. dxc5 dxc5 19. Bf4 e5 20. Be3 Rad8 21. Rf1 c4 22.
bxc4 bxc4 23. Bxb6 Qd7 24. Bxd8 Rxd8 25. Rf7 Qd4 26. Rbxb7 cxd3 27. Rxg7+ Kh8
28. Qxd3 Qg1+ 29. Qf1 Qe3+ 30. Ne2 Qd2+ 31. Kf2 Qxg5 32. Kg2 Ne6 33. Rxh7+ Kg8
34. Qf7# 1-0

[Event "VI Weekend B"]
[Site "Ivrea ITA"]
[Date "2000.03.18"]
[Round "4"]
[White "Bazzeato, Stefano"]
[Black "Pichierri, Giancarlo"]
[Result "1-0"]
[WhiteElo "1500"]
[BlackElo "1506"]
[PlyCount "59"]
[EventDate "2000.03.11"]

1. Nf3 f5 2. g3 Nf6 3. Bg2 d5 4. O-O e6 5. d4 Bd6 6. c4 c6 7. Ne5 Nbd7 8. Bf4
Qc7 9. cxd5 exd5 10. Nd3 Bxf4 11. Nxf4 Nb6 12. Qc2 O-O 13. Nc3 Qd6 14. Rac1 Ne4
15. a3 Nc4 16. Nxe4 fxe4 17. Bxe4 Bh3 18. Bxh7+ Kf7 19. Nxh3 Rh8 20. Ng5+ Ke7
21. e4 Qh6 22. h4 Rxh7 23. Nxh7 Qxh7 24. exd5 Qxc2 25. Rxc2 cxd5 26. Re1+ Kf6
27. Rce2 b6 28. Kg2 Kg6 29. a4 a5 30. b3 1-0

[Event "VI Weekend B"]
[Site "Ivrea ITA"]
[Date "2000.03.18"]
[Round "4"]
[White "Bruno, Fabrizio P."]
[Black "Liviabella, Lucio"]
[Result "1-0"]
[WhiteElo "1645"]
[BlackElo "1519"]
[PlyCount "55"]
[EventDate "2000.03.11"]

1. e4 c5 2. Nc3 Nc6 3. f4 d6 4. Nf3 g6 5. Bb5 Bg7 6. O-O Nf6 7. d3 a6 8. Bxc6+
bxc6 9. Qe1 O-O 10. Bd2 Rb8 11. Rb1 Ne8 12. f5 gxf5 13. Qg3 fxe4 14. dxe4 Qd7
15. h3 Qe6 16. Nh4 Kh8 17. Nf5 Rg8 18. Qf3 Bf6 19. Ne2 Rxb2 20. Rxb2 Bxb2 21.
Nh6 Rg7 22. Nxf7+ Rxf7 23. Qxf7 Nf6 24. Qf8+ Qg8 25. Qxe7 Be5 26. Rxf6 Bxf6 27.
Qxf6+ Qg7 28. Qd8+ 1-0

[Event "VI Weekend B"]
[Site "Ivrea ITA"]
[Date "2000.03.18"]
[Round "4"]
[White "D'Ingiullo, Giovanni"]
[Black "Barocelli, Carlo"]
[Result "0-1"]
[WhiteElo "1576"]
[BlackElo "1684"]
[PlyCount "155"]
[EventDate "2000.03.11"]

1. g3 d5 2. Bg2 Nf6 3. e3 c5 4. d3 Nc6 5. b3 Bg4 6. Qd2 e6 7. Bb2 Rc8 8. Nh3
Be7 9. f3 Bxh3 10. Bxh3 O-O 11. O-O Nd7 12. Na3 a6 13. c4 d4 14. Nc2 Bf6 15. e4
Rb8 16. Rab1 b5 17. cxb5 axb5 18. f4 Qb6 19. e5 Be7 20. Kh1 g6 21. Bg2 Ra8 22.
a3 Rac8 23. a4 Rc7 24. Na3 Na7 25. a5 Qa6 26. Ra1 Nc6 27. Nc2 b4 28. Bxc6 Qxc6+
29. Kg1 Ra7 30. Ra2 Rfa8 31. Rfa1 Bd8 32. Nxb4 cxb4 33. Qxb4 Qc5 34. Qxd4 Qxd4+
35. Bxd4 Rxa5 36. Rxa5 Rxa5 37. Rb1 Bb6 38. Bf2 Rd5 39. Rd1 Bxf2+ 40. Kxf2 Nc5
41. Ke3 Nxb3 42. Rb1 Nc5 43. d4 Nd7 44. g4 Kg7 45. Ke4 f5+ 46. exf6+ Nxf6+ 47.
Kf3 Rxd4 48. g5 Nd7 49. Ke3 Rd5 50. Ra1 h6 51. h4 hxg5 52. hxg5 Kf8 53. Ra7 Ke7
54. Ra8 e5 55. Rg8 exf4+ 56. Kxf4 Rf5+ 57. Kg4 Ne5+ 58. Kh4 Kf7 59. Ra8 Nf3+
60. Kg4 Nxg5 61. Ra7+ Kf6 62. Ra6+ Ne6 63. Ra8 Rf4+ 64. Kg3 Kg5 65. Ra5+ Rf5
66. Ra6 Nf4 67. Ra2 Rc5 68. Ra3 Rc3+ 69. Rxc3 Ne2+ 70. Kg2 Nxc3 71. Kg3 Nd5 72.
Kh3 Kf5 73. Kg2 Kg4 74. Kg1 Kh3 75. Kh1 g5 76. Kg1 g4 77. Kh1 g3 78. Kg1 0-1

[Event "VI Weekend B"]
[Site "Ivrea ITA"]
[Date "2000.03.18"]
[Round "4"]
[White "Giordanetti, Giuseppe"]
[Black "Giachino, Adriano"]
[Result "1-0"]
[WhiteElo "1510"]
[BlackElo "1488"]
[PlyCount "73"]
[EventDate "2000.03.11"]

1. c4 e5 2. Nc3 Nc6 3. g3 Nf6 4. Bg2 Bc5 5. e3 O-O 6. Nge2 d6 7. a3 a5 8. O-O
Be6 9. d3 d5 10. cxd5 Nxd5 11. Qc2 Nf6 12. Rd1 Ng4 13. Na4 Bd6 14. Nc5 Qf6 15.
f3 Qh6 16. fxg4 Bxg4 17. Nxb7 Ne7 18. Nxd6 cxd6 19. Bxa8 Rxa8 20. e4 Qh3 21.
Rf1 Rc8 22. Nc3 d5 23. Qf2 f6 24. exd5 Nf5 25. Be3 h5 26. Ne4 h4 27. Rae1 hxg3
28. Nxg3 Nh4 29. Qd2 Kf7 30. Rf2 Rh8 31. Ref1 Kg6 32. d4 Nf3+ 33. Rxf3 Bxf3 34.
Rxf3 Qg4 35. Qg2 Kf7 36. Nf5 Qg6 37. Nd6+ 1-0

[Event "VI Weekend B"]
[Site "Ivrea ITA"]
[Date "2000.03.18"]
[Round "4"]
[White "Pecile, Ernesto"]
[Black "Cassinera, Marco"]
[Result "1-0"]
[WhiteElo "1278"]
[BlackElo "1393"]
[PlyCount "35"]
[EventDate "2000.03.11"]

1. e4 c5 2. c4 e6 3. Nc3 Nc6 4. Nf3 a6 5. b3 d6 6. Be2 Be7 7. O-O b6 8. Bb2 Nf6
9. Qc2 e5 10. Rad1 Bb7 11. d3 Nh5 12. Nd5 Nf6 13. Nxe7 Qxe7 14. Nh4 Bc8 15. Qd2
Nxe4 16. dxe4 Qxh4 17. Qxd6 Qe7 18. Qxc6+ 1-0

[Event "VI Weekend B"]
[Site "Ivrea ITA"]
[Date "2000.03.18"]
[Round "4"]
[White "Sapone, Luigi"]
[Black "Rocchi, Enrico"]
[Result "1/2-1/2"]
[WhiteElo "1494"]
[BlackElo "1678"]
[PlyCount "97"]
[EventDate "2000.03.11"]

1. b4 e5 2. Bb2 Bxb4 3. Bxe5 Nf6 4. e3 Nc6 5. Bb2 d5 6. Nf3 Bg4 7. Be2 O-O 8.
O-O Qe7 9. d3 Rad8 10. Nbd2 Rfe8 11. Rb1 b6 12. Nb3 Nh5 13. Nbd4 Nxd4 14. Nxd4
Bxe2 15. Qxe2 Qh4 16. Qf3 Bd6 17. h3 g6 18. Nc6 Rd7 19. Nxa7 Ra8 20. Nb5 Rxa2
21. Nc3 Ra5 22. Ra1 Qb4 23. Rxa5 bxa5 24. Rb1 Be5 25. Ba1 Qa3 26. Bb2 Qe7 27.
Nxd5 Qe6 28. Nc3 c6 29. Qd1 Rb7 30. Ba1 Rb4 31. Ne4 f5 32. Rxb4 axb4 33. Bxe5
Qxe5 34. Qb1 fxe4 35. Qb3+ Qd5 36. dxe4 Qxb3 37. cxb3 Kf7 38. Kf1 Ke6 39. Ke2
Nf6 40. Kd3 Nd7 41. Kc4 c5 42. f4 Kd6 43. Kb5 Nf8 44. g4 Nd7 45. h4 Ke6 46. Kc4
h5 47. g5 Kd6 48. Kb5 Ke6 49. Kc4 1/2-1/2

[Event "VI Weekend B"]
[Site "Ivrea ITA"]
[Date "2000.03.18"]
[Round "4"]
[White "Tricerri, Pierino"]
[Black "Cavezzana, Davide"]
[Result "1/2-1/2"]
[WhiteElo "1290"]
[BlackElo "1464"]
[PlyCount "67"]
[EventDate "2000.03.11"]

1. Nf3 Nf6 2. g3 d6 3. Bg2 e5 4. d3 Nc6 5. O-O Be7 6. e4 Be6 7. Nbd2 Qd7 8. Re1
h5 9. h4 Bg4 10. Nf1 Nh7 11. Ne3 g5 12. Nxg4 hxg4 13. Nxg5 Nxg5 14. Bxg5 Bxg5
15. hxg5 O-O-O 16. f3 Qe7 17. f4 exf4 18. Qxg4+ Kb8 19. gxf4 Nd4 20. Rac1 f6
21. c3 Nc6 22. Kf2 fxg5 23. Qxg5 Qxg5 24. fxg5 Rhg8 25. Rh1 Ne5 26. Ke3 Rxg5
27. Rcg1 Rg3+ 28. Kf2 Rxd3 29. Ke2 a5 30. Rh3 Rxh3 31. Bxh3 Rh8 32. Bf1 Ka7 33.
Rg7 Kb6 34. a4 1/2-1/2

[Event "VI Weekend B"]
[Site "Ivrea ITA"]
[Date "2000.03.19"]
[Round "5"]
[White "Barocelli, Carlo"]
[Black "Rocchi, Enrico"]
[Result "1-0"]
[WhiteElo "1684"]
[BlackElo "1678"]
[PlyCount "29"]
[EventDate "2000.03.11"]

1. d4 Nf6 2. Nf3 g6 3. g3 b6 4. Bg2 Bb7 5. c4 d6 6. Nc3 Nbd7 7. O-O Bg7 8. Bd2
Ne4 9. Nxe4 Bxe4 10. Bc3 c5 11. d5 Bxc3 12. bxc3 Bxf3 13. Bxf3 Ne5 14. e3 Nxc4
15. Qa4+ 1-0

[Event "VI Weekend B"]
[Site "Ivrea ITA"]
[Date "2000.03.19"]
[Round "5"]
[White "D'Ingiullo, Giovanni"]
[Black "Bruno, Fabrizio P."]
[Result "0-1"]
[WhiteElo "1576"]
[BlackElo "1645"]
[PlyCount "62"]
[EventDate "2000.03.11"]

1. g3 d5 2. Bg2 e5 3. d3 c6 4. Nf3 Nd7 5. b3 Ngf6 6. Bb2 Bd6 7. Nbd2 O-O 8. e3
Re8 9. O-O Nf8 10. c4 Bg4 11. Qc2 Rc8 12. Rad1 Qd7 13. e4 d4 14. c5 Bc7 15. Nc4
Ng6 16. Rc1 Qe6 17. Ng5 Qe7 18. h3 Bd7 19. Ba3 h6 20. Nf3 Be6 21. Qe2 Qd7 22.
g4 Bxg4 23. hxg4 Nf4 24. Qd1 Qxg4 25. Nh4 Qxh4 26. f3 N6h5 27. Rf2 Re6 28. Kf1
Rg6 29. Rcc2 Ng3+ 30. Ke1 Nxg2+ 31. Kd2 Qf4+ 0-1

[Event "VI Weekend B"]
[Site "Ivrea ITA"]
[Date "2000.03.19"]
[Round "5"]
[White "Giachino, Adriano"]
[Black "Tricerri, Pierino"]
[Result "0-1"]
[WhiteElo "1488"]
[BlackElo "1290"]
[PlyCount "76"]
[EventDate "2000.03.11"]

1. e4 c5 2. Nf3 Nc6 3. c3 g6 4. d4 e6 5. e5 b6 6. d5 exd5 7. Qxd5 Nge7 8. Qd3
Bg7 9. Bf4 O-O 10. Be2 Qc7 11. Qe4 d5 12. exd6 Bf5 13. Qe3 Qd7 14. dxe7 Rfe8
15. O-O Nxe7 16. Rd1 Nd5 17. Qd2 Rad8 18. Na3 Rxe2 19. Qxe2 Nxf4 20. Qe1 Bd3
21. Qe3 Qg4 22. Ne1 Bh6 23. Kh1 Qh5 24. Qe7 Qd5 25. Nc4 Bg5 26. Qe3 Qxc4 27.
Nxd3 Rxd3 28. Rxd3 Qxd3 29. Qe8+ Kg7 30. Qe5+ f6 31. Qe7+ Kg8 32. Qe8+ Kg7 33.
Qe7+ Kg8 34. Re1 Qd2 35. Qe8+ Kg7 36. Qe7+ Kh6 37. h3 Qxf2 38. Qe4 f5 0-1

[Event "VI Weekend B"]
[Site "Ivrea ITA"]
[Date "2000.03.19"]
[Round "5"]
[White "Iacomussi, Mario"]
[Black "Berutti, Mario"]
[Result "1-0"]
[WhiteElo "1615"]
[BlackElo "1615"]
[PlyCount "85"]
[EventDate "2000.03.11"]

1. d4 d5 2. c4 e6 3. Nc3 f5 4. Nf3 Nf6 5. Bg5 c6 6. e3 Bd6 7. Ne5 O-O 8. c5 Bc7
9. Be2 Nbd7 10. Nd3 Qe8 11. Bxf6 Rxf6 12. f4 Rh6 13. b4 Nf6 14. Ne5 Ne4 15.
Nxe4 fxe4 16. Ng4 Rg6 17. g3 e5 18. Nxe5 Bxe5 19. dxe5 Qe7 20. Qd4 Bh3 21. Rg1
Rb8 22. Kd2 b6 23. Rgc1 bxc5 24. Rxc5 Rb6 25. a3 Qb7 26. Ra5 Bc8 27. h4 Bg4 28.
h5 Bxe2 29. hxg6 Bd3 30. gxh7+ Kxh7 31. f5 Ra6 32. Rh1+ Kg8 33. Rxa6 Qxa6 34.
Ra1 Qa4 35. Qc3 Qb5 36. a4 Qb7 37. Rc1 Bc4 38. g4 Qe7 39. f6 gxf6 40. exf6 Qh7
41. Qe5 Qf7 42. Rh1 Qg6 43. Qe6+ 1-0

[Event "VI Weekend B"]
[Site "Ivrea ITA"]
[Date "2000.03.19"]
[Round "5"]
[White "Piazza, Luigi"]
[Black "Castaldo, Antonio"]
[Result "0-1"]
[WhiteElo "1500"]
[BlackElo "1428"]
[PlyCount "109"]
[EventDate "2000.03.11"]

1. Nf3 d6 2. g3 Nf6 3. Bg2 g6 4. O-O Bg7 5. d3 O-O 6. Nbd2 e5 7. e4 Nc6 8. c3
Bg4 9. Qc2 Qc8 10. d4 Ne8 11. d5 Ne7 12. Nc4 Bd7 13. Nh4 f5 14. f4 c6 15. Qd3
cxd5 16. exd5 e4 17. Qd1 Qxc4 18. Qb3 Qxb3 19. axb3 Nxd5 20. Rd1 Be6 21. b4 a6
22. Bf1 Nec7 23. Ng2 Rfd8 24. Ra2 Ne7 25. c4 d5 26. b5 axb5 27. Rxa8 Rxa8 28.
cxd5 Bxd5 29. b4 Ra1 30. Ne3 Bb2 31. Bxb2 Rxd1 32. Nxd1 Kf7 33. Be5 Na6 34. Bc3
Bc6 35. Ne3 Ke6 36. Kf2 Nd5 37. Nxd5 Kxd5 38. Ke3 Bd7 39. Be2 Nc7 40. Kd2 Ne6
41. Ke3 Bc6 42. Bf1 Kd6 43. Be2 Ke7 44. Bd1 Bd5 45. Be2 Kd6 46. Bf1 Bc4 47. Be2
Kd5 48. Bf6 Bxe2 49. Kxe2 Kc4 50. Be7 Nc7 51. Kd2 Nd5 52. Bd6 Nxb4 53. Be5 Nd3
54. Kc2 b4 55. Bd6 0-1

[Event "VI Weekend B"]
[Site "Ivrea ITA"]
[Date "2000.03.19"]
[Round "5"]
[White "Pichierri, Giancarlo"]
[Black "Plenzick, Angelo"]
[Result "0-1"]
[WhiteElo "1506"]
[BlackElo "1468"]
[PlyCount "93"]
[EventDate "2000.03.11"]

1. e4 c6 2. d4 d5 3. e5 Bf5 4. Nf3 e6 5. Bg5 Be7 6. Be3 h6 7. Be2 Nd7 8. c4
dxc4 9. Bxc4 Nb6 10. Be2 Bb4+ 11. Nfd2 Ne7 12. a3 Bxd2+ 13. Qxd2 Nbd5 14. Nc3
Nxe3 15. Qxe3 O-O 16. O-O Rc8 17. Bf3 Bh7 18. b4 Nf5 19. Qf4 Qxd4 20. Ne4 Rcd8
21. g4 Ne7 22. Rad1 Qb6 23. Nf6+ gxf6 24. Qxf6 Qc7 25. h4 Nd5 26. Bxd5 Rxd5 27.
Rxd5 cxd5 28. h5 Qc4 29. f3 Qd4+ 30. Kg2 Qd2+ 31. Rf2 Qg5 32. Kg3 Qxf6 33. exf6
Kh8 34. f4 Rg8 35. Kh4 Rc8 36. Rf3 Rc4 37. Kg3 d4 38. g5 hxg5 39. fxg5 Rc3 40.
a4 e5 41. g6 Bxg6 42. hxg6 Rxf3+ 43. Kxf3 fxg6 44. Ke4 Kg8 45. b5 Kf7 46. Kxe5
d3 47. Kd4 0-1

[Event "VI Weekend B"]
[Site "Ivrea ITA"]
[Date "2000.03.19"]
[Round "6"]
[White "Tricerri, Pierino"]
[Black "Basso, Danilo"]
[Result "1-0"]
[WhiteElo "1290"]
[BlackElo "1458"]
[PlyCount "117"]
[EventDate "2000.03.11"]

1. Nf3 d5 2. g3 Nf6 3. Bg2 c6 4. O-O Bg4 5. d3 Nbd7 6. Nbd2 g6 7. h3 Bxf3 8.
Bxf3 Bg7 9. e4 dxe4 10. dxe4 Ne5 11. Bg2 O-O 12. Re1 Bh6 13. Qe2 Qb6 14. Kh1
Rfd8 15. f4 Ned7 16. e5 Nh5 17. Ne4 Nc5 18. Kh2 Nxe4 19. Bxe4 Ng7 20. Be3 Qxb2
21. Rab1 Qxa2 22. Rxb7 Rdc8 23. Rxe7 Ne6 24. Rd1 Bf8 25. Red7 a5 26. Qg4 Bc5
27. f5 h5 28. Qh4 Bxe3 29. fxe6 Qxe6 30. Re7 Qc4 31. Re1 Bd2 32. Qf6 Re8 33. e6
Rxe7 34. Qxe7 Qxe6 35. Qxe6 fxe6 36. Rd1 Rd8 37. Bxc6 Rd4 38. Be8 Kg7 39. Rf1
Bc3 40. Rf7+ Kh6 41. h4 Rd2+ 42. Kh3 Rxc2 43. Rf4 e5 44. Rf6 e4 45. Rxg6+ Kh7
46. Re6 Re2 47. Bxh5 Re1 48. Bg6+ Kg7 49. Bxe4 a4 50. Bd5 Ra1 51. Ra6 a3 52. g4
Bb2 53. h5 Rd1 54. Be6 Rd3+ 55. Kh4 Bf6+ 56. g5 Be5 57. h6+ Kh7 58. Bf5+ Kh8
59. Ra8+ 1-0